Movie Word Quintets VI Quiz Stats

 Plays Quiz Updated Jun 18, 2017

Support Sporcle.
Go Orange.
Score 0/30 Timer 08:00
5 Plays Today
% Correct
Wedding Crashers
96.1%
The Wedding Singer
92.9%
Ghost Rider
88.8%
Fantastic Four
87.5%
Four Weddings and a Funeral
80.6%
My Big Fat Greek Wedding
72.2%
My Best Friend's Wedding
69.9%
I Know What You Did Last Summer
66.8%
Sweet Home Alabama
63.8%
Death Becomes Her
62.6%
(500) Days of Summer
61.3%
Death at a Funeral
45.1%
Death Race
44.1%
Nineteen Eighty-Four
34.6%
Death on the Nile
34.4%
% Correct
Wet Hot American Summer
30.2%
Ghost World
26.5%
The Ghost and Mrs. Muir
24.3%
Death Proof
23.3%
Four Rooms
21%
Ghost Town
20.5%
Sweet November
20.4%
Ghost Dog: The Way of the Samurai
15.8%
Monsoon Wedding
15.1%
Summer of Sam
12.6%
Four Lions
10%
The Sweet Hereafter
9.8%
Sweet and Lowdown
9.8%
Sweet Smell of Success
8.7%
The Kings of Summer
6%

You're not logged in!

Compare scores with friends on all Sporcle quizzes.
OR
Log In
Forgot?

From the Vault

TV Debuts: 1996

by druhutch

Fake fact of the day: There were so many judge shows debuting in the '90s it caused an international gavel shortage.
Remove Ads.
Support Sporcle.
Get the best of Sporcle when you Go Orange. This ad-free experience offers more features, more stats, and more fun while also helping to support Sporcle. Thank you for becoming a member.

Show Comments

Extras

Top Quizzes Today


Score Distribution

Your Account Isn't Verified!

In order to create a playlist on Sporcle, you need to verify the email address you used during registration. Go to your Sporcle Settings to finish the process.

Report this User

Report this user for behavior that violates our Community Guidelines.

Details: